| 000 | 01513nam a22002537a 4500 | ||
|---|---|---|---|
| 003 | Uzh_bibl | ||
| 008 | 260325b |||||||| |||| 00| 0 ukr d | ||
| 020 |
_a978-617-642-525-0 _c100.00 |
||
| 040 | _bукр. | ||
| 041 |
_2ukr _aukr |
||
| 080 | _a821(477) | ||
| 090 |
_a821(477) _bБ 90 |
||
| 100 | _aБуділова,Галина | ||
| 245 |
_aТроль, Велетун і диво автівка :неймовірні пригоди помічників Святого Миколая _cілюстраторка М.Іванович _hТекст |
||
| 260 |
_aДрогобич _bКоло _c2020 |
||
| 300 |
_a44 с. _bіл. _fВ опр. |
||
| 520 | _a«Троль, Велетун і диво-автівка» — новорічна казка української письменниці Галини Буділової про неймовірні пригоди помічників Святого Миколая. Книга (видана приблизно у 2020 році) розповідає про захопливі подорожі персонажів та входить до серії історій про Троля, яку ілюструвала Марія Іванович. | ||
| 521 | _aДля молодшого шкільного віку | ||
| 546 | _aукр. | ||
| 650 | _aЛітературно-художне видання | ||
| 653 |
_aТроль _aСвятий Миколай |
||
| 655 |
_aДитяча література _vноворічна казка |
||
| 942 |
_2udc _cBK |
||
| 999 |
_c17196 _d17196 |
||